Loading…
Intro to MSE - Ceramics /
This DataVis project is part of a series of 10 projects designed for an Introduction to Materials Science and Engineering course. Students should download the project document below and then access the project in DataVis to complete the project.
| Call Number: | Libro Electrónico |
|---|---|
| Main Author: | |
| Format: | Electronic eBook |
| Language: | Inglés |
| Published: |
New York, N.Y. :
McGraw-Hill Education,
[2018].
|
| Subjects: | |
| Online Access: | Texto completo |
MARC
| LEADER | 00000nam a2200000 i 4500 | ||
|---|---|---|---|
| 001 | MGH_AEDAV19082212 | ||
| 003 | IN-ChSCO | ||
| 005 | 20190822121613.0 | ||
| 006 | m||||||||||||||||| | ||
| 007 | cr |n||||||||n | ||
| 008 | 190822s2018||||nyu|||||o|||||||||||eng|| | ||
| 040 | |a IN-ChSCO |b eng |e rda | ||
| 041 | 0 | |a eng | |
| 050 | 4 | |a TP845 | |
| 082 | 0 | 4 | |a 666.05 |2 23 |
| 100 | 1 | |a Kitto, Kathleen, |e author. | |
| 245 | 1 | 0 | |a Intro to MSE - Ceramics / |c Kathleen Kitto. |
| 264 | 1 | |a New York, N.Y. : |b McGraw-Hill Education, |c [2018]. | |
| 264 | 4 | |c ?2018. | |
| 300 | |a 1 online resource : |b illustrations. | ||
| 336 | |a text |2 rdacontent | ||
| 337 | |a computer |2 rdamedia | ||
| 338 | |a online resource |2 rdacarrier | ||
| 504 | |a Includes bibliographical references and index. | ||
| 520 | 3 | |a This DataVis project is part of a series of 10 projects designed for an Introduction to Materials Science and Engineering course. Students should download the project document below and then access the project in DataVis to complete the project. | |
| 533 | |a Electronic reproduction. |b New York, N.Y. : |c McGraw Hill, |d 2018. |n Mode of access: World Wide Web. |n System requirements: Web browser. |n Access may be restricted to users at subscribing institutions. | ||
| 538 | |a Mode of access: Internet via World Wide Web. | ||
| 546 | |a In English. | ||
| 650 | 0 | |a Ceramics. | |
| 856 | 4 | 0 | |u https://accessengineeringlibrary.uam.elogim.com/content/datavis-project/DV0009_Intro_to_MSE_Ceramics |z Texto completo |